Modelos de administración educativa descentralizada: su aplicación a la región de Murcia

Guardat en:
Dades bibliogràfiques
Autors principals: Monreal Martínez, Juan (autor), Viñao Frago, A (Autor)
Autor corporatiu: Instituto de Ciencias de la Educación (Autor)
Format: Llibre
Idioma:espanyol
Publicat: Murcia Secretariado de Publicaciones. Universidad de Murcia 1982
Matèries:
Etiquetes: Afegir etiqueta
Sense etiquetes, Sigues el primer a etiquetar aquest registre!

MARC

LEADER 00000nam a2200000 a 4500
001 UCY9610
003 CL-VaPUC
008 950717e19820000SP |||||||||||||||||spa|d
082 0 4 |a 370.78  |b MON  |2 21 
100 |a Monreal Martínez, Juan  |e autor  |9 341991 
700 0 |a Viñao Frago, A  |e author  |9 341992 
110 2 |a Instituto de Ciencias de la Educación  |e author  |9 341993 
245 1 0 |a Modelos de administración educativa descentralizada: su aplicación a la región de Murcia 
300 |a 301 p 
942 |c BK 
945 |d 19950717 00:00:00  |a cmena 
260 |a Murcia  |b Secretariado de Publicaciones. Universidad de Murcia  |c 1982 
650 0 |a Investigación educacional   |9 261192 
650 0 |a Modelos educacionales  |9 339132 
650 0 |a Planificación de la educación   |9 307333 
650 0 |a Gestión educacional   |9 261035 
650 0 |a Administración de la enseñanza   |9 261034 
651 7 |a MURCIA  |2 CL-VaPUC  |9 324080 
651 0 |a España  |9 254926 
583 |a last modification  |c 19950717 00:00:00  |k Rodrigo Vera 
999 |c 236670  |d 236668 
952 |0 0  |1 0  |4 0  |6 370_780000000000000_MON_1982  |7 0  |8 P  |9 244926  |a BIBEDU  |b BIBEDU  |c BIBEDU_PB  |d 2019-11-18  |i 1537253  |o 370.78 MON 1982  |p 1537253  |r 2024-01-25  |w 2019-11-18  |y BK  |k EDU